000 00654nam a2200241Ia 4500
003 OSt
005 20221005130215.0
006 a|||||r|||| 00| 0
007 ta
008 221004b |||||||| |||| 00| 0 hin d
024 _a53628
037 _cTextual
040 _aCRL
_cCRL
_bhin
041 _2hin
_ahin
082 _aO152,1J32,11, 32K7.1
100 _aGoswami Thulasi Das Au.
_9637753
245 0 _aRamacharithamaanasa
260 _c1967
650 _a HINDI POETRY
_97134
650 _aHINDI LITERATURE
_923866
942 _hO152,1J32,11, 32K7.1
_cTEXL
_2cc
999 _c1056425
_d1056425